000 00879nam a2200277 a 4500
001 000039043
003 DO-SdBNP
005 20240704120015.0
008 130515s2000 dr 000 f spa d
020 _z848130140x
040 _aDO-SdBNP
_bspa
_cBNPHU
082 _a823.5
_bD314r
100 1 _aDefoe, Daniel,
_d1661?-1731
_940733
245 1 3 _aRobinson Crusoe /
_cDaniel Defoe ; traducción de Domingo Santos.
260 _aSanto Domingo :
_bEl Siglo,
_bGrupo León Jimenes,
_c2000.
300 _a315 p. ;
_c19 cm.
490 1 _aJoyas del milenio
_v18
590 _aInventariado, 2018/ YL
650 4 _aNovela juvenil inglesa
_929538
650 4 _aNaufragios
_xNovela
_951689
650 4 _aLiteratura inglesa
_9498
700 2 _aSantos, Domingo
_etr.
_965281
830 0 _aJoyas del milenio
_n18
_965282
910 _aValidado. Control de calidad EMS
942 _2ddc
_cLBS1
999 _c38533
_d38533